000 00485nam a2200181Ia 4500
003 OSt
005 20230529094836.0
008 210423s1996 xx 000 0 und d
040 _cAL
041 _aeng
082 _a380 MCDC
_223
100 _aMCDANCIT (Carl);GATES (Roger).
_9115253
245 _aContemporary marketing research.
260 _aNew York
_bWest Publishing Company
_c1996
365 _b195
_cINR
906 _aContemporary ; marketing ; research.
942 _2ddc
_cBK
999 _c173494
_d173494